000 00750nam a2200241Ia 4500
003 OSt
005 20220927105459.0
006 a|||||r|||| 00| 0
007 ta
008 220926b |||||||| |||| 00| 0 eng d
024 _a170145
037 _cReference Collections
040 _aRTL
_cRTL
_beng
041 _2eng
_aeng
082 _a"X71.211. N78 - N77, L7/GD"
110 _aTamilnadu (Government of-)
_9372824
245 0 _aAnnual Financial Statement
_b Budget. 1977-78.
260 _aTamilnadu
_bGovernment of Tamilnadu
_c1977
300 _a31p.
_ccm.
700 _aTamilnadu (Government of-)
_9372825
942 _h"X71.211. N78 - N77, L7/GD"
_cCC
999 _c692774
_d692774